02054nab a2200253uuc4500001000800000005001700008008004100025035001200066040001300078100004300091245006800134260001000202520110300212650004401315650004101359650004001400700004301440700005101483700004801534700004801582773014101630942001001771999001901781139405020260225100916.0141201s2014  a1394050 ccomduadb10aTenjo Galarza, Jaime4auteaut937130010aDuración, probabilidad e incidencia del desempleo en Colombia c2014.3 aRESUMEN: La tasa de desempleo de una economía se considera el mejor indicador sintético de lo que sucede en el mercado laboral. Sin embargo, a pesar de sus ventajas, dicho indicador no arroja información sobre muchos aspectos de lo que sucede en dicho mercado. Una forma de aproximarse al entendimiento de esta dinámica es investigando tanto la probabilidad de que una persona se encuentre desempleada, como la duración del desempleo y los factores que la determinan. Estos son temas ampliamente estudiados en la literatura sobre economía laboral, pero que en el caso colombiano no han recibido la atención que ameritan. Este artículo se centra en la estimación de la duración del desempleo y la probabilidad de estar en desempleo para Colombia. El objetivo fundamental es proporcionar información detallada sobre las características de los procesos de búsqueda de empleo y del desempleo en Colombia, incluyendo la estimación de la incidencia del desempleo. Este trabajo busca proporcionar información útil para el desarrollo de políticas de mercado laboral. 7aMercado laboral zColombia2lemb994106 aTasa de desempleo - Colombia9154364 7aModelos econométricos2Lemb9101310aMisas Arango, Martha4auteaut931152710aGaviria Jaramillo, Alejandro4auteaut961940710aContreras Eitner, Alfredo4auteaut967007310aContreras Eitner, Alfredo4auteaut96700730 tIB. Información Básica en Estadística (Bogotá)gVolúmen 03, Número 01, Enero-Junio 2014, p. 5-28w1394182x2256-15520699111 cARIMP c697722d697722